[Event "Mittelrhein Regionalliga 1314"]
[Site "Mittelrhein"]
[Date "2014.03.09"]
[Round "8.8"]
[White "Meyes, Richard"]
[Black "Koch, Matthias1"]
[Result "1/2-1/2"]
[WhiteElo "1953"]
[BlackElo "1980"]
[PlyCount "77"]
[EventDate "2013.09.15"]
[EventType "team-tourn"]
[EventRounds "11"]
[EventCountry "GER"]
[SourceTitle "EXT 2023"]
[Source "ChessBase"]
[SourceDate "2022.10.05"]
[SourceVersion "1"]
[SourceVersionDate "2022.10.05"]
[SourceQuality "1"]
[WhiteTeam "Aachen DJK Aufwaerts III"]
[BlackTeam "Bonn Beuel"]
[WhiteTeamCountry "GER"]
[BlackTeamCountry "GER"]

1. Nf3 Nf6 2. c4 g6 3. Nc3 Bg7 4. e4 d6 5. d4 0-0 6. h3 e5 7. d5 a5 8. Bg5 h6 9. Be3 Nh5 10. Nd2 Na6 11. g3 Qe8 12. Be2 Nf6 13. g4 Nc5 14. Qc2 Bd7 15. Nb5 Qc8 16. f3 a4 17. h4 h5 18. g5 Ne8 19. Rc1 c6 20. Nc3 Nc7 21. Bxc5 dxc5 22. Nxa4 Rxa4 23. Qxa4 f6 24. Qa7 fxg5 25. hxg5 Na6 26. Nb3 Qa8 27. Qxa8 Rxa8 28. a3 Bf8 29. dxc6 Bxc6 30. Rd1 Nc7 31. Bf1 Ba4 32. Rd3 Ne6 33. Nd2 Nf4 34. Rd5 b6 35. Nb1 Nxd5 36. exd5 Be7 37. Bh3 Bxg5 38. Rg1 Bh4+ 39. Ke2 1/2-1/2

[Event "Dortmund Sparkassen op-A"]
[Site "Dortmund"]
[Date "2013.08.04"]
[Round "9"]
[White "Algars, Olle"]
[Black "Meyes, Richard"]
[Result "1-0"]
[WhiteElo "2090"]
[BlackElo "1808"]
[PlyCount "65"]
[EventDate "2013.07.27"]
[EventType "swiss"]
[EventRounds "9"]
[EventCountry "GER"]
[SourceTitle "CBM 155 Extra"]
[Source "ChessBase"]
[SourceDate "2013.08.26"]
[SourceVersion "1"]
[SourceVersionDate "2013.08.26"]
[SourceQuality "1"]

1. Nf3 Nf6 2. c4 g6 3. g3 Bg7 4. d4 0-0 5. Nc3 d6 6. Bg2 c6 7. 0-0 Qa5 8. Qc2 Be6 9. b3 d5 10. Nd2 Rd8 11. c5 Bf5 12. Qb2 Nfd7 13. b4 Qc7 14. Nb3 e5 15. Be3 f6 16. Bxd5+ Kh8 17. Be4 Bh3 18. Bg2 Bxg2 19. Kxg2 Nf8 20. Rad1 f5 21. dxe5 Nbd7 22. f4 g5 23. Rd6 Ng6 24. Bd4 gxf4 25. gxf4 Ndxe5 26. fxe5 Nxe5 27. Nb5 Qe7 28. Rxd8+ Rxd8 29. Nd6 Rxd6 30. cxd6 Qg5+ 31. Kh1 Qg4 32. d7 Qe4+ 33. Rf3 1-0

[Event "Dortmund Sparkassen op-A"]
[Site "Dortmund"]
[Date "2013.08.03"]
[Round "8"]
[White "Carrasco, Paul"]
[Black "Meyes, Richard"]
[Result "1/2-1/2"]
[WhiteElo "2034"]
[BlackElo "1808"]
[PlyCount "60"]
[EventDate "2013.07.27"]
[EventType "swiss"]
[EventRounds "9"]
[EventCountry "GER"]
[SourceTitle "CBM 155 Extra"]
[Source "ChessBase"]
[SourceDate "2013.08.26"]
[SourceVersion "1"]
[SourceVersionDate "2013.08.26"]
[SourceQuality "1"]

1. c4 Nf6 2. Nc3 g6 3. Nf3 Bg7 4. g3 0-0 5. Bg2 d6 6. 0-0 c6 7. d4 Qa5 8. d5 Bg4 9. h3 Bxf3 10. Bxf3 Nfd7 11. e4 Bxc3 12. bxc3 Qxc3 13. Bh6 Qxc4 14. Qd2 Nc5 15. Rac1 Qa6 16. Qb2 f6 17. Rxc5 dxc5 18. Bg4 Qb6 19. Be6+ Rf7 20. Qe2 Qd8 21. dxc6 Nxc6 22. Bxf7+ Kxf7 23. Qc4+ e6 24. Qxc5 Qd4 25. Qc2 Rd8 26. Rb1 Qd7 27. Be3 b6 28. Rc1 Ne7 29. a4 Rc8 30. Rd1 Qc6 1/2-1/2

[Event "Dortmund Sparkassen op-A"]
[Site "Dortmund"]
[Date "2013.07.31"]
[Round "5"]
[White "Meyes, Richard"]
[Black "Scheck, Kyrill"]
[Result "1-0"]
[WhiteElo "1808"]
[BlackElo "2070"]
[PlyCount "144"]
[EventDate "2013.07.27"]
[EventType "swiss"]
[EventRounds "9"]
[EventCountry "GER"]
[SourceTitle "CBM 155 Extra"]
[Source "ChessBase"]
[SourceDate "2013.08.26"]
[SourceVersion "1"]
[SourceVersionDate "2013.08.26"]
[SourceQuality "1"]

1. Nf3 g6 2. c4 Bg7 3. e4 c5 4. d4 cxd4 5. Nxd4 Nc6 6. Be3 Nf6 7. Nc3 0-0 8. Be2 d6 9. 0-0 Bd7 10. Qd2 Ng4 11. Bxg4 Bxg4 12. Nxc6 bxc6 13. Bh6 Bxh6 14. Qxh6 e5 15. Qd2 Qe7 16. h3 Be6 17. b3 g5 18. Rad1 Rad8 19. g4 h5 20. f3 f6 21. Kg2 Kg7 22. Kg3 Rh8 23. Rh1 Kf7 24. Rh2 Qc7 25. Rhh1 Ke7 26. Rc1 Qb8 27. Kg2 Rh7 28. Qe3 Rdh8 29. Rcd1 Qb6 30. Qxb6 axb6 31. a4 Kd7 32. Kg3 Kc7 33. Rd2 Rd7 34. Rhd1 Rhd8 35. Na2 d5 36. gxh5 d4 37. Nb4 Rh8 38. Rh1 Rxh5 39. Nd3 Kd6 40. Rdh2 Rh4 41. Rd2 Rdh7 42. Nf2 Rh8 43. Rh2 Rb8 44. Ng4 Ke7 45. Ra2 Ra8 46. Rhb2 Rhh8 47. Rh2 Ra7 48. Rab2 Raa8 49. Ra2 Rhf8 50. h4 gxh4+ 51. Rxh4 Rh8 52. Rah2 Rxh4 53. Rxh4 Bxg4 54. Rxg4 b5 55. cxb5 cxb5 56. axb5 Rb8 57. Rg7+ Kd6 58. f4 Rxb5 59. fxe5+ fxe5 60. Rg6+ Kc5 61. Kf2 Kb4 62. Ke2 Kxb3 63. Kd2 Kc4 64. Rc6+ Rc5 65. Re6 Ra5 66. Rc6+ Rc5 67. Re6 Kb5 68. Rd6 Ka4 69. Rb6 Ka5 70. Re6 Kb5 71. Rd6 Rc3 72. Rd5+ Kc4 1-0

[Event "EU-ch 13th"]
[Site "Plovdiv"]
[Date "2012.03.31"]
[Round "11"]
[White "Meyes, Richard"]
[Black "Andok, Claus Michael"]
[Result "1/2-1/2"]
[WhiteElo "1786"]
[BlackElo "2116"]
[PlyCount "91"]
[EventDate "2012.03.20"]
[EventType "swiss"]
[EventRounds "11"]
[EventCountry "BUL"]
[SourceTitle "CBM 148"]
[Source "ChessBase"]
[SourceDate "2012.05.16"]
[SourceVersion "1"]
[SourceVersionDate "2012.05.16"]
[SourceQuality "1"]

1. Nf3 b6 2. d4 e6 3. g3 Bb7 4. Bg2 Nf6 5. 0-0 h6 6. c4 d5 7. Ne5 Bd6 8. Qa4+ c6 9. cxd5 exd5 10. Nd3 0-0 11. Bf4 Re8 12. e3 Bf8 13. h3 a5 14. Rc1 Nbd7 15. Nc3 Kh8 16. g4 Kg8 17. Bh2 Kh8 18. Qc2 Kg8 19. Nf4 b5 20. Nd3 Rc8 21. a3 Ra8 22. Ne2 Qb6 23. Ng3 b4 24. Nf5 b3 25. Qc3 Red8 26. Nd6 Ba6 27. Nc5 Bxd6 28. Bxd6 Bc4 29. Bf1 Bxf1 30. Rxf1 Nxc5 31. Bxc5 Qb7 32. Rac1 Ne4 33. Qd3 Qa6 34. Qxa6 Rxa6 35. Rfd1 Re8 36. a4 Nxc5 37. Rxc5 Rb8 38. Rdc1 Rb4 39. Rxc6 Rxc6 40. Rxc6 Rxa4 41. Rc8+ Kh7 42. Rc5 Ra2 43. Kg2 a4 44. Ra5 Ra1 45. Rb5 Ra2 46. Rb4 1/2-1/2

[Event "EU-ch 13th"]
[Site "Plovdiv"]
[Date "2012.03.27"]
[Round "7"]
[White "Balokas, Dimitrios"]
[Black "Meyes, Richard"]
[Result "1/2-1/2"]
[WhiteElo "2080"]
[BlackElo "1786"]
[PlyCount "75"]
[EventDate "2012.03.20"]
[EventType "swiss"]
[EventRounds "11"]
[EventCountry "BUL"]
[SourceTitle "CBM 148"]
[Source "ChessBase"]
[SourceDate "2012.05.16"]
[SourceVersion "1"]
[SourceVersionDate "2012.05.16"]
[SourceQuality "1"]

1. d4 Nf6 2. c4 g6 3. Nc3 Bg7 4. Nf3 0-0 5. e4 d6 6. Be2 e5 7. 0-0 Nc6 8. d5 Ne7 9. Ne1 Nd7 10. Be3 f5 11. f3 f4 12. Bf2 g5 13. Rc1 Rf6 14. Nd3 Rh6 15. c5 Qe8 16. cxd6 Qh5 17. h4 Ng6 18. Qe1 gxh4 19. Nb5 Qg5 20. Kh2 Ngf8 21. Nxc7 Rg6 22. Rg1 Rb8 23. Nc5 Nxc5 24. Rxc5 Rxd6 25. Nb5 Ra6 26. a3 Bd7 27. Rc7 Qd8 28. Qc3 Qg5 29. Rxd7 Nxd7 30. Nc7 Qg3+ 31. Bxg3 hxg3+ 32. Kh3 Rh6+ 33. Kg4 Rg6+ 34. Kh4 Rh6+ 35. Kg4 Rg6+ 36. Kh4 Rh6+ 37. Kg4 Rg6+ 38. Kh4 1/2-1/2

[Event "EU-ch 13th"]
[Site "Plovdiv"]
[Date "2012.03.25"]
[Round "6"]
[White "Meyes, Richard"]
[Black "Vdovenko, Volodymyr J"]
[Result "1-0"]
[WhiteElo "1786"]
[BlackElo "1784"]
[PlyCount "51"]
[EventDate "2012.03.20"]
[EventType "swiss"]
[EventRounds "11"]
[EventCountry "BUL"]
[SourceTitle "CBM 148"]
[Source "ChessBase"]
[SourceDate "2012.05.16"]
[SourceVersion "1"]
[SourceVersionDate "2012.05.16"]
[SourceQuality "1"]

1. Nf3 Nf6 2. c4 b6 3. g3 Bb7 4. d4 e6 5. Nc3 Bb4 6. Qb3 Bxf3 7. exf3 Bxc3+ 8. Qxc3 0-0 9. Bd3 d6 10. 0-0 Nbd7 11. b3 c6 12. Re1 d5 13. Bf4 Qe7 14. g4 Rac8 15. a4 Ne8 16. Qc2 Qh4 17. Bg3 Qh6 18. cxd5 cxd5 19. Qxc8 Nef6 20. Qc1 g5 21. h4 Qg7 22. Qxg5 Qxg5 23. hxg5 Ne8 24. Bb5 Ndf6 25. gxf6 Nxf6 26. Be5 1-0

[Event "EU-ch 13th"]
[Site "Plovdiv"]
[Date "2012.03.23"]
[Round "4"]
[White "Ljangov, Petar"]
[Black "Meyes, Richard"]
[Result "1-0"]
[WhiteElo "2089"]
[BlackElo "1786"]
[PlyCount "83"]
[EventDate "2012.03.20"]
[EventType "swiss"]
[EventRounds "11"]
[EventCountry "BUL"]
[SourceTitle "CBM 148"]
[Source "ChessBase"]
[SourceDate "2012.05.16"]
[SourceVersion "1"]
[SourceVersionDate "2012.05.16"]
[SourceQuality "1"]

1. e4 c5 2. Nf3 d6 3. Nc3 a6 4. g3 Nc6 5. Bg2 g6 6. 0-0 Bg7 7. d3 Nf6 8. h3 0-0 9. Be3 Nd7 10. Qd2 Nd4 11. Bh6 Nxf3+ 12. Bxf3 Ne5 13. Bg2 Bxh3 14. Bxg7 Kxg7 15. Nd5 Bd7 16. d4 cxd4 17. Qxd4 f6 18. f4 Nc6 19. Qe3 b5 20. Rad1 Rb8 21. Rd2 b4 22. c3 bxc3 23. Qxc3 Re8 24. Rfd1 Qa5 25. Nxf6 Qb6+ 26. Kh2 exf6 27. Rxd6 Qxb2 28. Rxd7+ Ne7 29. Qc7 Kf8 30. R1d2 Qb6 31. R2d6 Qb2 32. e5 Rbc8 33. Rxf6+ Kg8 34. Qd6 Rc6 35. Rxe7 Rxd6 36. Rxe8+ Kg7 37. Rxd6 Qxa2 38. Re7+ Kh6 39. Rdd7 Kh5 40. Kh3 g5 41. Rxh7+ Kg6 42. Be4# 1-0

[Event "EU-ch 13th"]
[Site "Plovdiv"]
[Date "2012.03.22"]
[Round "3"]
[White "Meyes, Richard"]
[Black "Pop, Alexandru"]
[Result "0-1"]
[WhiteElo "1786"]
[BlackElo "2272"]
[PlyCount "48"]
[EventDate "2012.03.20"]
[EventType "swiss"]
[EventRounds "11"]
[EventCountry "BUL"]
[SourceTitle "CBM 148"]
[Source "ChessBase"]
[SourceDate "2012.05.16"]
[SourceVersion "1"]
[SourceVersionDate "2012.05.16"]
[SourceQuality "1"]

1. e4 c5 2. Nf3 Nc6 3. d4 cxd4 4. Nxd4 g6 5. c4 Bg7 6. Be3 Nf6 7. Nc3 0-0 8. Be2 d6 9. 0-0 Bd7 10. Qd2 Nxd4 11. Bxd4 Bc6 12. f3 a5 13. b3 Nd7 14. Be3 Nc5 15. Rab1 e6 16. Rfd1 Be5 17. Bf1 Qh4 18. g3 Qf6 19. Bxc5 dxc5 20. Na4 Qxf3 21. Nxc5 Rad8 22. Qxd8 Qe3+ 23. Kh1 Rxd8 24. Rxd8+ Kg7 0-1

[Event "Maastricht Limburg op-B 5th"]
[Site "Maastricht"]
[Date "2011.06.12"]
[Round "5"]
[White "Meyes, Richard"]
[Black "Lecomte, Robin"]
[Result "0-1"]
[WhiteElo "1749"]
[BlackElo "1791"]
[PlyCount "45"]
[EventDate "2011.06.10"]
[EventType "swiss"]
[EventRounds "7"]
[EventCountry "NED"]
[SourceTitle "EXT 2012"]
[Source "ChessBase"]
[SourceDate "2011.11.24"]
[SourceVersion "1"]
[SourceVersionDate "2011.11.24"]
[SourceQuality "1"]

1. c4 Nf6 2. g3 g6 3. Bg2 Bg7 4. Nc3 0-0 5. e4 c5 6. Nge2 Nc6 7. d3 d6 8. 0-0 Ne8 9. Be3 f5 10. Qd2 Nf6 11. Bh6 Bxh6 12. Qxh6 Ne5 13. Rad1 fxe4 14. Nxe4 Nxe4 15. Bxe4 Qb6 16. b3 Bf5 17. Nc3 Bxe4 18. Nxe4 Nf3+ 19. Kg2 Qc6 20. g4 Rf7 21. Kg3 Raf8 22. h3 d5 23. Ng5 0-1